Online
Catalog

Cartas a un amigo / (Record no. 4972)

MARC details
000 -CABECERA
campo de control de longitud fija 00978cam a2200265 a 4500
001 - NÚMERO DE CONTROL
campo de control 000005169
005 - FECHA Y HORA DE LA ÚLTIMA TRANSACCIÓN
campo de control 20200929151610.0
008 - DATOS DE LONGITUD FIJA--INFORMACIÓN GENERAL
campo de control de longitud fija 880322s1987 sp a 001 0aspa
020 ## - NÚMERO INTERNACIONAL ESTÁNDAR DEL LIBRO
Número Internacional Estándar del Libro 8485081854
040 ## - FUENTE DE LA CATALOGACIÓN
Centro catalogador/agencia de origen DO-SdBNP
Lengua de catalogación spa
Centro/agencia transcriptor BNPHU
082 ## - NÚMERO DE LA CLASIFICACIÓN DECIMAL DEWEY
Número de clasificación 866.6
Número de documento/Ítem G463c
100 1# - ENTRADA PRINCIPAL--NOMBRE DE PERSONA
Nombre de persona Gil-Albert, Juan.
Forma completa/desarrollada del nombre (Juan Gil-Albert Simón),
Fechas asociadas al nombre 1904-1994.
9 (RLIN) 14794
245 10 - MENCIÓN DE TÍTULO
Título Cartas a un amigo /
Mención de responsabilidad, etc. Juan Gil-Albert ; introducción, Luis Maristany.
260 ## - PUBLICACIÓN, DISTRIBUCIÓN, ETC.
Lugar de publicación, distribución, etc. Valencia :
Nombre del editor, distribuidor, etc. Pre-Textos,
Fecha de publicación, distribución, etc. 1987.
300 ## - DESCRIPCIÓN FÍSICA
Extensión 162 p. :
Otras características físicas il. ;
Dimensiones 20 cm.
490 1# - MENCIÓN DE SERIE
Mención de serie Pre-Textos
490 1# - MENCIÓN DE SERIE
Mención de serie Letras hispánicas
500 ## - NOTA GENERAL
Nota general "Esta extensa correspondencia ... tiene un solo destinatario, Salvador Moreno"--Flap.
600 10 - PUNTO DE ACCESO ADICIONAL DE MATERIA--NOMBRE DE PERSONA
Nombre de persona GIL-ALBERT, JUAN
Subdivisión general CORRESPONDENCE.
9 (RLIN) 14795
650 #4 - PUNTO DE ACCESO ADICIONAL DE MATERIA--TÉRMINO DE MATERIA
Término de materia o nombre geográfico como elemento de entrada Cartas españolas
Subdivisión cronológica SIGLO XX
9 (RLIN) 14796
650 #4 - PUNTO DE ACCESO ADICIONAL DE MATERIA--TÉRMINO DE MATERIA
Término de materia o nombre geográfico como elemento de entrada Literatura española
Subdivisión cronológica SIGLO XX
9 (RLIN) 3326
700 1# - PUNTO DE ACCESO ADICIONAL--NOMBRE DE PERSONA
Nombre de persona Moreno, Salvador.
9 (RLIN) 14797
700 1# - PUNTO DE ACCESO ADICIONAL--NOMBRE DE PERSONA
Nombre de persona Maristany, Luis,
Término indicativo de función/relación intruducción
9 (RLIN) 14798
830 #0 - PUNTO DE ACCESO ADICIONAL DE SERIE-TÍTULO UNIFORME
Título uniforme Pre-Textos
Nombre de parte o sección de la obra Letras hispánicas
9 (RLIN) 14799
Holdings
Estado de retiro Estado de pérdida Restricciones de uso No para préstamo Código de colección Localización permanente Ubicación/localización actual Ubicación en estantería Fecha de adquisición Número de inventario Total de préstamos Signatura topográfica completa Código de barras Fecha visto por última vez Precio válido a partir de Tipo de ítem Koha
    Préstamo interno   Monografías: Libros y Folletos General General En catalogación 29.07.2009 LF1   866.6 G463c 5169-10 25.06.2020 25.06.2020 Préstamo interno
        Monografías: Libros y Folletos Patrimonio Dominicano Patrimonio Dominicano Orden iniciada 26.05.2017 LF1   866.6 G463c 5169-20 25.06.2020 25.06.2020 No se presta

Powered by Koha